20 préfectures françaises aléatoires - Statistiques

Statistiques générales
  • Ce quiz a été pris 2 081 fois
  • Le résultat moyen est 16 sur 20
Statistiques - réponses
Département Préfecture Sous-préfectures Région % Correct
59 Nord Lille Avesnes-sur-Helpe, Cambrai, Douai, Dunkerque, Valenciennes Nord-Pas-de-Calais
100%
2B Haute-Corse Bastia Calvi, Corte Corse
97%
69 Rhône Lyon Villefranche-sur-Saône Rhône-Alpes
97%
75 Paris Paris Île-de-France
97%
13 Bouches-du-Rhône Marseille Aix-en-Provence, Arles, Istres Provence-Alpes-Côte d'Azur
96%
21 Côte-d'Or Dijon Beaune, Montbard Bourgogne
95%
2A Corse-du-Sud Ajaccio Sartène Corse
94%
33 Gironde Bordeaux Arcachon, Blaye, Langon, Lesparre-Médoc, Libourne Aquitaine
94%
34 Hérault Montpellier Béziers, Lodève Languedoc-Roussillon
94%
57 Moselle Metz Forbach, Sarrebourg, Sarreguemines, Thionville Lorraine
93%
6 Alpes-Maritimes Nice Grasse Provence-Alpes-Côte d'Azur
93%
14 Calvados Caen Bayeux, Lisieux, Vire Normandie Basse-Normandie
92%
38 Isère Grenoble La Tour-du-Pin, Vienne Rhône-Alpes
92%
85 Vendée La Roche-sur-Yon Fontenay-le-Comte, Les Sables-d'Olonne Pays de la Loire
92%
44 Loire-Atlantique Nantes Châteaubriant, Saint-Nazaire Pays de la Loire
92%
35 Ille-et-Vilaine Rennes Fougères, Redon, Saint-Malo Bretagne
92%
29 Finistère Quimper Brest, Châteaulin, Morlaix Bretagne
91%
74 Haute-Savoie Annecy Bonneville, Saint-Julien-en-Genevois, Thonon-les-Bains Rhône-Alpes
90%
72 Sarthe Le Mans La Flèche, Mamers Pays de la Loire
90%
90 Territoire de Belfort Belfort Franche-Comté
87%
974 La Réunion Saint-Denis Saint-Benoît, Saint-Paul, Saint-Pierre La Réunion
86%
83 Var Toulon Brignoles, Draguignan Provence-Alpes-Côte d'Azur
86%
66 Pyrénées-Orientales Perpignan Céret, Prades Languedoc-Roussillon
85%
67 Bas-Rhin Strasbourg Haguenau, Molsheim, Saverne, Sélestat Alsace
85%
31 Haute-Garonne Toulouse Muret, Saint-Gaudens Midi-Pyrénées
85%
56 Morbihan Vannes Lorient, Pontivy Bretagne
85%
25 Doubs Besançon Montbéliard, Pontarlier Franche-Comté
84%
68 Haut-Rhin Colmar Altkirch, Mulhouse, Thann Alsace
84%
17 Charente-Maritime La Rochelle Jonzac, Rochefort, Saintes, Saint-Jean-d'Angély Poitou-Charentes
84%
54 Meurthe-et-Moselle Nancy Lunéville, Toul, Val de Briey Lorraine
84%
80 Somme Amiens Abbeville, Montdidier, Péronne Picardie
83%
972 Martinique Fort-de-France Le Marin, Saint-Pierre, La Trinité Martinique
83%
64 Pyrénées-Atlantiques Pau Bayonne, Oloron-Sainte-Marie Aquitaine
83%
22 Côtes-d'Armor Saint-Brieuc Dinan, Guingamp, Lannion Bretagne
83%
49 Maine-et-Loire Angers Cholet, Saumur, Segré-en-Anjou Bleu Pays de la Loire
82%
63 Puy-de-Dôme Clermont-Ferrand Ambert, Issoire, Riom, Thiers Auvergne
82%
5 Hautes-Alpes Gap Briançon Provence-Alpes-Côte d'Azur
82%
79 Deux-Sèvres Niort Bressuire, Parthenay Poitou-Charentes
82%
45 Loiret Orléans Montargis, Pithiviers Centre
82%
86 Vienne Poitiers Châtellerault, Montmorillon Poitou-Charentes
82%
78 Yvelines Versailles Mantes-la-Jolie, Rambouillet, Saint-Germain-en-Laye Île-de-France
82%
976 Mayotte Mamoudzou Mayotte
81%
76 Seine-Maritime Rouen Dieppe, Le Havre Haute-Normandie
81%
30 Gard Nîmes Alès, Le Vigan Languedoc-Roussillon
80%
42 Loire Saint-Étienne Montbrison, Roanne Rhône-Alpes
80%
15 Cantal Aurillac Mauriac, Saint-Flour Auvergne
79%
973 Guyane Cayenne Saint-Laurent-du-Maroni, Saint-Georges Guyane
79%
88 Vosges Épinal Neufchâteau, Saint-Dié-des-Vosges Lorraine
79%
23 Creuse Guéret Aubusson Limousin
79%
58 Nièvre Nevers Château-Chinon (Ville), Clamecy, Cosne-Cours-sur-Loire Bourgogne
79%
60 Oise Beauvais Clermont, Compiègne, Senlis Picardie
78%
73 Savoie Chambéry Albertville, Saint-Jean-de-Maurienne Rhône-Alpes
78%
53 Mayenne Laval Château-Gontier, Mayenne Pays de la Loire
78%
87 Haute-Vienne Limoges Bellac, Rochechouart Limousin
78%
77 Seine-et-Marne Melun Fontainebleau, Meaux, Provins, Torcy Île-de-France
78%
40 Landes Mont-de-Marsan Dax Aquitaine
78%
62 Pas-de-Calais Arras Béthune, Boulogne-sur-Mer, Calais, Lens, Montreuil, Saint-Omer Nord-Pas-de-Calais
77%
10 Aube Troyes Bar-sur-Aube, Nogent-sur-Seine Champagne-Ardenne
77%
26 Drôme Valence Die, Nyons Rhône-Alpes
77%
84 Vaucluse Avignon Apt, Carpentras Provence-Alpes-Côte d'Azur
76%
36 Indre Châteauroux Le Blanc, La Châtre, Issoudun Centre
76%
27 Eure Évreux Les Andelys, Bernay Haute-Normandie
76%
37 Indre-et-Loire Tours Chinon, Loches Centre
76%
18 Cher Bourges Saint-Amand-Montrond, Vierzon Centre
75%
8 Ardennes Charleville-Mézières Rethel, Sedan, Vouziers Champagne-Ardenne
75%
4 Alpes-de-Haute-Provence Digne-les-Bains Barcelonnette, Castellane, Forcalquier Provence-Alpes-Côte d'Azur
75%
24 Dordogne Périgueux Bergerac, Nontron, Sarlat-la-Canéda Aquitaine
75%
12 Aveyron Rodez Millau, Villefranche-de-Rouergue Midi-Pyrénées
75%
93 Seine-Saint-Denis Bobigny Le Raincy, Saint-Denis Île-de-France
74%
2 Aisne Laon Château-Thierry, Saint-Quentin, Soissons, Vervins Picardie
74%
48 Lozère Mende Florac Trois Rivières Languedoc-Roussillon
74%
16 Charente Angoulême Cognac, Confolens Poitou-Charentes
73%
89 Yonne Auxerre Avallon, Sens Bourgogne
73%
92 Hauts-de-Seine Nanterre Antony, Boulogne-Billancourt Île-de-France
73%
28 Eure-et-Loir Chartres Châteaudun, Dreux, Nogent-le-Rotrou Centre
72%
9 Ariège Foix Pamiers, Saint-Girons Midi-Pyrénées
72%
50 Manche Saint-Lô Avranches, Cherbourg-en-Cotentin, Coutances Basse-Normandie
72%
1 Ain Bourg-en-Bresse Belley, Gex, Nantua Rhône-Alpes
71%
39 Jura Lons-le-Saunier Dole, Saint-Claude Franche-Comté
71%
81 Tarn Albi Castres Midi-Pyrénées
70%
43 Haute-Loire Le Puy-en-Velay Brioude, Yssingeaux Auvergne
70%
19 Corrèze Tulle Brive-la-Gaillarde, Ussel Limousin
70%
47 Lot-et-Garonne Agen Marmande, Nérac, Villeneuve-sur-Lot Aquitaine
69%
41 Loir-et-Cher Blois Romorantin-Lanthenay, Vendôme Centre
69%
91 Essonne Évry-Courcouronnes Étampes, Palaiseau Île-de-France
69%
971 Guadeloupe Basse-Terre Pointe-à-Pitre Guadeloupe
68%
94 Val-de-Marne Créteil L'Haÿ-les-Roses, Nogent-sur-Marne Île-de-France
67%
65 Hautes-Pyrénées Tarbes Argelès-Gazost, Bagnères-de-Bigorre Midi-Pyrénées
67%
55 Meuse Bar-le-Duc Commercy, Verdun Lorraine
66%
46 Lot Cahors Figeac, Gourdon Midi-Pyrénées
66%
3 Allier Moulins Montluçon, Vichy Auvergne
65%
11 Aude Carcassonne Limoux, Narbonne Languedoc-Roussillon
64%
61 Orne Alençon Argentan, Mortagne-au-Perche Basse-Normandie
62%
32 Gers Auch Condom, Mirande Midi-Pyrénées
62%
95 Val-d'Oise Cergy Argenteuil, Pontoise (Chef-lieu), Sarcelles Île-de-France
62%
51 Marne Châlons-en-Champagne Épernay, Reims, Vitry-le-François Champagne-Ardenne
62%
71 Saône-et-Loire Mâcon Autun, Chalon-sur-Saône, Charolles, Louhans Bourgogne
60%
82 Tarn-et-Garonne Montauban Castelsarrasin Midi-Pyrénées
60%
7 Ardèche Privas Largentière, Tournon-sur-Rhône Rhône-Alpes
58%
52 Haute-Marne Chaumont Langres, Saint-Dizier Champagne-Ardenne
51%
70 Haute-Saône Vesoul Lure Franche-Comté
47%
Aucun quiz correspondant
Distribution des résultats
% des personnes avec chaque résultat
Percentile par nombre de réponses
Votre historique - résultats
Vous n’avez pas pris ce quiz